[Event "Madrid-ch Previa-B"]
[Site "Madrid"]
[Date "2020.02.28"]
[Round "8"]
[White "Martin Hernandez, Vicente"]
[Black "Rey Martinez, Jaime"]
[Result "0-1"]
[WhiteElo "1864"]
[BlackElo "1687"]
[PlyCount "60"]
[EventDate "2020.02.06"]
[EventType "swiss"]
[EventRounds "9"]
[EventCountry "ESP"]
[SourceTitle "CBM 195 Extra"]
[Source "ChessBase"]
[SourceDate "2020.05.31"]
[SourceVersion "1"]
[SourceVersionDate "2020.05.31"]
[SourceQuality "1"]

1. d4 d5 2. c4 e6 3. Nc3 c6 4. Nf3 dxc4 5. a4 Bb4 6. Bd2 Bxc3 7. bxc3 b5 8. g3 Bb7 9. Bg2 Nd7 10. 0-0 Ngf6 11. Qc2 h6 12. Rfe1 0-0 13. Bf4 a6 14. Be5 Nxe5 15. Nxe5 Qc7 16. f4 Nd5 17. e4 Nb6 18. a5 Nd7 19. Nxd7 Qxd7 20. Red1 Rad8 21. Bf3 Qe7 22. Kg2 Rd7 23. Rd2 Rfd8 24. Rdd1 c5 25. dxc5 Qxc5 26. Qf2 Qxf2+ 27. Kxf2 Kf8 28. Ke3 Rd3+ 29. Ke2 Ke7 30. Rac1 f5 0-1

[Event "Madrid-ch Previa-B"]
[Site "Madrid"]
[Date "2019.02.22"]
[Round "8"]
[White "De Fuenmayor Fernandez, Carlos Pablo"]
[Black "Martin Hernandez, Vicente"]
[Result "0-1"]
[WhiteElo "1325"]
[BlackElo "1892"]
[PlyCount "70"]
[EventDate "2019.02.01"]
[EventType "swiss"]
[EventRounds "9"]
[EventCountry "ESP"]
[SourceTitle "CBM 189 Extra"]
[Source "ChessBase"]
[SourceDate "2019.06.03"]
[SourceVersion "1"]
[SourceVersionDate "2019.06.03"]
[SourceQuality "1"]

1. e4 c5 2. Nc3 d6 3. f4 Nc6 4. Nf3 Nf6 5. Bc4 e6 6. 0-0 Be7 7. d3 0-0 8. a3 a6 9. Qe1 b5 10. Ba2 Bb7 11. Be3 Ng4 12. Rd1 Nxe3 13. Qxe3 Qc7 14. Ne2 Bf6 15. c3 Rad8 16. d4 cxd4 17. cxd4 Qb6 18. e5 dxe5 19. fxe5 Be7 20. Bb1 g6 21. h4 Kg7 22. g4 b4 23. h5 h6 24. hxg6 f6 25. Rf2 fxe5 26. Rh2 Rh8 27. Nxe5 Nxe5 28. Qxe5+ Bf6 29. Qe3 e5 30. g5 hxg5 31. Rxh8 Rxh8 32. Qb3 Rh1+ 33. Kf2 Rh2+ 34. Kg3 Rg2+ 35. Kh3 g4# 0-1